MARC details
| 000 -LEADER |
| fixed length control field |
02806nam a2200349 a 4500 |
| 001 - CONTROL NUMBER |
| control field |
8721 |
| 003 - CONTROL NUMBER IDENTIFIER |
| control field |
BD-DhEWU |
| 005 - DATE AND TIME OF LATEST TRANSACTION |
| control field |
20190101131323.0 |
| 008 - FIXED-LENGTH DATA ELEMENTS--GENERAL INFORMATION |
| fixed length control field |
190101s2017 caua g b 001 0 eng d |
| 020 ## - INTERNATIONAL STANDARD BOOK NUMBER |
| International Standard Book Number |
9781440849688 (paperback : acidfree paper) |
|
| Cancelled/invalid ISBN |
9781440849695 (ebook) |
| 035 ## - SYSTEM CONTROL NUMBER |
| System control number |
(OCLC)950952212 |
| 040 ## - CATALOGING SOURCE |
| Original cataloging agency |
DLC |
| Language of cataloging |
eng |
| Transcribing agency |
DLC |
| Description conventions |
rda |
| Modifying agency |
DLC |
| -- |
BD-DhEWU |
| 041 ## - LANGUAGE CODE |
| Language code of text/sound track or separate title |
eng |
| 050 00 - LIBRARY OF CONGRESS CALL NUMBER |
| Classification number |
Z713 |
| Item number |
.L53 2017 |
| 082 00 - DEWEY DECIMAL CLASSIFICATION NUMBER |
| Classification number |
025.62 |
| Edition number |
23 |
| Item number |
LIB 2017 |
| 245 00 - TITLE STATEMENT |
| Title |
Library information and resource sharing : |
| Remainder of title |
transforming services and collections / |
| Statement of responsibility, etc |
Beth Posner, editor ; foreword by Anne K. Beaubien. |
| 260 ## - PUBLICATION, DISTRIBUTION, ETC. (IMPRINT) |
| Place of publication, distribution, etc |
Santa Barbara : |
| Name of publisher, distributor, etc |
Libraries Unlimited, |
| Date of publication, distribution, etc |
c2017 |
| 300 ## - PHYSICAL DESCRIPTION |
| Extent |
xvii, 174 p. : |
| Other physical details |
ill. ; |
| Dimensions |
24 cm |
| 504 ## - BIBLIOGRAPHY, ETC. NOTE |
| Bibliography, etc |
Includes bibliographical references and index. |
| 505 0# - FORMATTED CONTENTS NOTE |
| Title |
TOC |
| Formatted contents note |
Introduction to library and information resource sharing / Beth Posner -- Interlibrary loan services today / Heather Weltin -- From discovery to delivery : providing access to library collections / Jessica McGivney -- Thinking locally and sharing globally : the impact of library policies on collection sharing / Seangill (Peter) Bae -- Library collection building : the interlocking functions of ill, acquisitions, and collection development / Keri Goergen-Doll, Angela Rathmel, and Leon Lars -- Facilitating information sharing through library collection maintenance and preservation / Tina Baich and Sherri Michaels -- Sharing digital collections and content / J. Silvia Cho and LeEtta Schmidt -- The evolution of library resource sharing / Collette Mak. |
| 520 ## - SUMMARY, ETC. |
| Summary, etc |
<br/>Through the perspectives of interlibrary loan (ILL) specialists, this book examines what ILL departments are doing, the value of ILL librarians in the evolving library environment, and how library collections and services are being affected by new ILL policies. Tapping a knowledge base of more than a dozen ILL practitioners, Posner offers diverse viewpoints on all that ILL specialists can do to help connect people and information, enabling library administrators, whose support ILL needs to succeed, to grasp how ILL is essential to fulfilling the information-sharing mission of all librarians. This volume also emphasizes how the ever-increasing interconnections between ILL and other areas of library activity behoove non-ILL librarians to be more aware of emerging ILL developments. |
| 526 ## - STUDY PROGRAM INFORMATION NOTE |
| Program name |
DIS |
| Requested Dept. (EWU) |
DIS |
| 590 ## - LOCAL NOTE (RLIN) |
| Local note |
Sagar Shahanawaz |
| 650 #0 - SUBJECT ADDED ENTRY--TOPICAL TERM |
| Topical term or geographic name as entry element |
Interlibrary loans. |
| 9 (RLIN) |
23670 |
|
| Topical term or geographic name as entry element |
Library cooperation. |
| 9 (RLIN) |
22557 |
| 700 1# - ADDED ENTRY--PERSONAL NAME |
| Personal name |
Posner, Beth, |
| Relator term |
editor. |
| 9 (RLIN) |
23671 |
| 856 42 - ELECTRONIC LOCATION AND ACCESS |
| Materials specified |
WorldCat Details |
| Uniform Resource Identifier |
https://www.worldcat.org/title/library-information-and-resource-sharing-transforming-services-and-collections/oclc/950952212&referer=brief_results |
| 942 ## - ADDED ENTRY ELEMENTS (KOHA) |
| Source of classification or shelving scheme |
Dewey Decimal Classification |
| Koha item type |
Text |